Double trouble

Bibliographic Details
Main Author: Declements, Barthe
Format: Book
Published: New York : Viking Kestrel , 1987
Subjects:

MARC

LEADER 00000cam a2200000 7i4500
001 0000001979
002 000002154
005 20000330.0
020 |a 0670815675 
090 0 0 |a JF   |b DEC 
100 1 |a Declements, Barthe 
245 1 0 |a Double trouble   |c Barthe Declements and Christopher Greimes 
260 |a New York :   |b Viking Kestrel ,   |c 1987 
300 |a 168p. :   |b ill ;   |c 22cm. 
650 0 0 |a Children's stories 
999 |a 035301   |b BUKU   |c PINJAMAN   |e PERPUSTAKAAN KOMUNITI PETALING JAYA